000 00203 a2200097 4500
001 27475
100 _aTrigg, G L
245 _aTne Nimonic alloys
260 _a
_bEdward Arnold
_c
090 _c18269
_d18269
942 _aNUST-CAE
_cM
_c9190
999 _c262548
_d262548